|
|
|
|
| LEADER |
00834nam a2200193Ia 4500 |
| 001 |
CTU_26922 |
| 008 |
210402s9999 xx 000 0 und d |
| 082 |
|
|
|a 959.7
|
| 082 |
|
|
|b Ph513/1991
|
| 100 |
|
|
|a Trần Ngọc Thu Phụng
|
| 245 |
|
0 |
|a Bước đầu tìm hiểu về tầng lớp trí thức đi theo cách mạng vô sản ở Việt Nam đầu thế kỉ XX
|
| 245 |
|
0 |
|b Luận văn tốt nghiệp Đại học Sư phạm ngành Sử Khóa 13
|
| 245 |
|
0 |
|c Trần Ngọc Thu Phụng
|
| 260 |
|
|
|a Cần Thơ
|
| 260 |
|
|
|b Trường Đại học Cần Thơ, Khoa Sư phạm, Bộ môn Sử
|
| 260 |
|
|
|c 1991
|
| 650 |
|
|
|a vietman - history - 1925 - 1930
|
| 904 |
|
|
|i Nguyễn Quang Điền, 981022
|
| 980 |
|
|
|a Trung tâm Học liệu Trường Đại học Cần Thơ
|